000 00709cab a2200241 4500
001 ABS58285
008 090401t1998 xxu||||| |||| 00| 0 eng d
035 _a(Sirsi) u83609
041 _aeng
100 _aChurchill, P.
245 _aListed house: handle with care
260 _c1998
350 _a0
490 _aCountry Life
_v5 February 1998, 71(1)
520 _aClarifies the situation for property owners who wish to make alterations to a listed building.
650 _aALTERATIONS
650 _aBUILDING CONSERVATION
650 _aLISTED BUILDINGS
650 _aPLANNING (LISTED BUILDINGS AND CONSERVATION AREAS) ACT 1990
690 _aCONSERVATION
942 _n0
948 _c09/02/1998
999 _c52820
_d52820